ਪੰਜਾਬੀ ਦੇ ਦਲਿਤ ਅਤੇ ਗੈਰ ਦਲਿਤ ਕਹਾਣੀਕਾਰ ਦੁਵਰ ਰਚਿਤ ਕਹਾਣੀਆਂ ਵਿੱਚ ਦਲਿਤ ਚੇਤਨਾ: (Record no. 1851188)

MARC details
000 -LEADER
fixed length control field 00882nam a2200205 4500
005 - DATE AND TIME OF LATEST TRANSACTION
control field 20260511143604.0
008 - FIXED-LENGTH DATA ELEMENTS--GENERAL INFORMATION
fixed length control field 260511b |||||||| |||| 00| 0 eng d
040 ## - CATALOGING SOURCE
Transcribing agency CRL
041 ## - LANGUAGE CODE
Language code of text ਪੰਜਾਬੀ
100 ## - MAIN ENTRY--PERSONAL NAME
Student/researcher name ਸਿੰਘ, ਸੁਖਵਿੰਦਰ
245 ## - TITLE STATEMENT
Title ਪੰਜਾਬੀ ਦੇ ਦਲਿਤ ਅਤੇ ਗੈਰ ਦਲਿਤ ਕਹਾਣੀਕਾਰ ਦੁਵਰ ਰਚਿਤ ਕਹਾਣੀਆਂ ਵਿੱਚ ਦਲਿਤ ਚੇਤਨਾ:
Remainder of title ਤੁਲਨਾਤਮਿਕ ਅਧਿਐਨ
260 ## - PUBLICATION, DISTRIBUTION, ETC.
Place of publication, distribution, etc. Delhi,
Name of publisher, distributor, etc. University of Delhi:
Date of publication, distribution, etc. 2025.
300 ## - PHYSICAL DESCRIPTION
Extent 307 ਪ.
502 ## - Thesis Note
Degree type Ph.D.
Name of granting institution University of Delhi
650 ## - SUBJECT ADDED ENTRY--TOPICAL TERM
LCSH or local subjects ਪੰਜਾਬੀ ਲਿਟ੍ਰੇਚਰ
700 ## - ADDED ENTRY--PERSONAL NAME
Supervisor / Guide name ਥਾਪਰ, ਪ੍ਰਿਥਵੀ ਰਾਜ
710 ## - ADDED ENTRY--CORPORATE NAME
Department Department of Punjabi, University of Delhi.
942 ## - ADDED ENTRY ELEMENTS (KOHA)
Koha item type Thesis
100 ## - MAIN ENTRY--PERSONAL NAME
-- 1238948
650 ## - SUBJECT ADDED ENTRY--TOPICAL TERM
-- 1238939
710 ## - ADDED ENTRY--CORPORATE NAME
-- 1238985
999 ## -
-- 1851188
-- 1851188
Holdings
Withdrawn status Lost status Not for loan Home library Current library Date acquired Accession Number Koha item type
      Central Library Central Library 2026-05-11 TH0028505 Thesis
Copyright @ Delhi University Library System